Cronología de la literatura española

সংরক্ষণ করুন:
গ্রন্থ-পঞ্জীর বিবরন
সংস্থা লেখক: Universidad de Santiago de Compostela (Author)
বিন্যাস: গ্রন্থ
ভাষা:স্প্যানিশ
প্রকাশিত: Madrid Cátedra 1991
মালা:Crítica y Estudios Literatura
বিষয়গুলি:
ট্যাগগুলো: ট্যাগ যুক্ত করুন
কোনো ট্যাগ নেই, প্রথমজন হিসাবে ট্যাগ করুন!

MARC

LEADER 00000nam a2200000 a 4500
001 UCM1014
003 CL-VaPUC
008 020322e19910000SP |||||||||||||||||spa|d
082 0 4 |a 860.9  |b UNI  |2 21 
110 2 |a Universidad de Santiago de Compostela  |e author  |9 468036 
245 1 0 |a Cronología de la literatura española 
300 |a v 
942 |c BK 
945 |d 20020322 00:00:00  |a cmena 
260 |a Madrid  |b Cátedra  |c 1991 
500 |a v.1: Edad media 
500 |a v.3: Siglos XVIII y XIX 
650 7 |a LITERATURA ESPAÑOLA - HISTORIA  |2 CL-VaPUC  |9 468037 
650 7 |a LITERATURA ESPAÑOLA MEDIEVAL  |2 CL-VaPUC  |9 468038 
583 |a last modification  |c 20020322 00:00:00  |k Rodrigo Vera 
490 0 |a Crítica y Estudios Literatura 
999 |c 299737  |d 299735 
952 |0 0  |1 0  |4 0  |6 860_900000000000000_UNI_1991  |7 0  |8 A  |9 356637  |a BIBEDU  |b BIBEDU  |d 2019-11-21  |h v.1  |i 3800253  |o 860.9 UNI 1991  |p 3800253  |r 2019-11-21  |w 2019-11-21  |y BK  |k LIT 
952 |0 0  |1 0  |4 0  |6 860_900000000000000_UNI_1991  |7 0  |8 A  |9 356638  |a BIBEDU  |b BIBEDU  |d 2019-11-21  |h v.3  |i 3800490  |o 860.9 UNI 1991  |p 3800490  |r 2019-11-21  |w 2019-11-21  |y BK  |k LIT